00281pab a2200121 454500008004000000100001900040245004000059260000900099300001000108362001000118650001400128773001700142180718b1998 xxu||||| |||| 00| 0 eng d aIlaiah, Kancha aEducation and the dignity of labour c1998 ap.6-7 a7 Nov aEducation aYoung Indian